| 000 | 00807nam a2200229 i 4500 | ||
|---|---|---|---|
| 001 | 142571 | ||
| 003 | ES-MaACL | ||
| 005 | 20250819063103.0 | ||
| 007 | t| | ||
| 008 | 071008s1982 sp ||||1| spa d | ||
| 080 | _a946(04) | ||
| 100 | 1 |
_aVilar, Pierre, _d1906-2003 _9114800 |
|
| 245 | 1 | 0 |
_aHidalgos, amotinados y guerrilleros _b: pueblo y poderes en la historia de España / _cPierre Vilar ; [traducción de Ferrán Gallego]. |
| 260 |
_aBarcelona : _bCrítica, _c[1982] |
||
| 300 |
_a314 p. ; _c20 cm. |
||
| 490 | 1 |
_aTemas hispánicos ; _v94. _aSerie general |
|
| 651 | 4 |
_aEspaña- _xHistoria. _98209 |
|
| 700 | 1 |
_aGallego Santiago, Ferrán. _953587 |
|
| 830 | 0 |
_aTemas hispánicos ; _v94. _aSerie general _9220499 |
|
| 852 |
_aES-MaACL _jL-5390 _bR.105923 |
||
| 999 |
_c142571 _d142571 |
||